The Effects of temperature on the growth of lactobacillus / (Record no. 98136)
[ view plain ]
| 000 -LEADER | |
|---|---|
| fixed length control field | 00692nam a2200181 a 4500 |
| 003 - CONTROL NUMBER IDENTIFIER | |
| control field | 0 |
| 005 - DATE AND TIME OF LATEST TRANSACTION | |
| control field | 20250321101642.0 |
| 008 - FIXED-LENGTH DATA ELEMENTS--GENERAL INFORMATION | |
| fixed length control field | 080925s19uu xx 00 eng d |
| 050 ## - LIBRARY OF CONGRESS CALL NUMBER | |
| Classification number | PHS QR 82.L3 |
| Item number | .Ag283 2008 |
| 100 ## - MAIN ENTRY--PERSONAL NAME | |
| Personal name | Aguinaldo, Leopoldo Catalino B. VI |
| 245 ## - TITLE STATEMENT | |
| Title | The Effects of temperature on the growth of lactobacillus / |
| Statement of responsibility, etc | Leopoldo Catalino B. Aguinaldo VI. |
| 260 ## - PUBLICATION, DISTRIBUTION, ETC. (IMPRINT) | |
| Place of publication, distribution, etc | Las Piñas City, Philippines : |
| Name of publisher, distributor, etc | Southville International School and Colleges, |
| Date of publication, distribution, etc | 2008. |
| 300 ## - PHYSICAL DESCRIPTION | |
| Extent | 22 pages : |
| Other physical details | colored illustrations ; |
| Dimensions | 28 cm. |
| 504 ## - BIBLIOGRAPHY, ETC. NOTE | |
| Bibliography, etc | Includes bibliographical references. |
| 650 ## - SUBJECT ADDED ENTRY--TOPICAL TERM | |
| Topical term or geographic name as entry element | Lactobacillus |
| General subdivision | Effect of temperature on. |
| 650 ## - SUBJECT ADDED ENTRY--TOPICAL TERM | |
| Topical term or geographic name as entry element | Lactobacillus |
| General subdivision | Growth. |
| 942 ## - ADDED ENTRY ELEMENTS (KOHA) | |
| Source of classification or shelving scheme | Library of Congress Classification |
| Koha item type | PASS |
| Withdrawn status | Lost status | Source of classification or shelving scheme | Damaged status | Home library | Current library | Shelving location | Date acquired | Source of acquisition | Total Checkouts | Total Renewals | Full call number | Barcode | Date last seen | Date checked out | Price effective from | Koha item type |
|---|---|---|---|---|---|---|---|---|---|---|---|---|---|---|---|---|
| Library of Congress Classification | Luxembourg Library | Luxembourg Library | Portfolio Assessment of SISC Students Section | 09/25/2008 | Donation | 1 | 1 | PHS QR 82.L3 .Ag283 2008 | P2233 | 04/04/2016 | 06/16/2014 | 04/08/2014 | PASS |